रसीदी टिकट / (Record no. 12717)
[ view plain ]
| 000 -LEADER | |
|---|---|
| fixed length control field | 02114nam a22003377a 4500 |
| 005 - DATE AND TIME OF LATEST TRANSACTION | |
| control field | 20180219151950.0 |
| 010 ## - LCCN (DPL NO) | |
| LC control number | HIN- 84700 BPPD-H985 B-297933-936 B-525439-442 |
| 020 ## - INTERNATIONAL STANDARD BOOK NUMBER | |
| International Standard Book Number | 8170160669 |
| Terms of availability | 180.00 |
| 035 ## - SYSTEM CONTROL NUMBER | |
| System control number | HN-57046 B-297933-936 B-525439-442 |
| 035 ## - SYSTEM CONTROL NUMBER | |
| System control number | B-685220 |
| 037 ## - SOURCE OF ACQUISITION | |
| Source of stock number/acquisition | DPL/STAR |
| 037 ## - SOURCE OF ACQUISITION | |
| Source of stock number/acquisition | किताबघर प्रकाशन |
| 082 ## - DEWEY DECIMAL CLASSIFICATION NUMBER | |
| Classification number | 850.92 |
| 100 ## - MAIN ENTRY--PERSONAL NAME | |
| Personal name | अमृता प्रीतम |
| 245 ## - TITLE STATEMENT | |
| Title | रसीदी टिकट / |
| Statement of responsibility, etc | अमृता प्रीतम |
| 246 ## - VARYING FORM OF TITLE | |
| Title proper/short title | Rasiidii ticket |
| Remainder of title | by Amrita Pritam |
| 260 ## - PUBLICATION, DISTRIBUTION, ETC. (IMPRINT) | |
| Place of publication, distribution, etc | नई दिल्ली |
| Name of publisher, distributor, etc | किताबघर प्रकाशन |
| Date of publication, distribution, etc | 2015 |
| 270 ## - ADDRESS | |
| Address | 24, अंसारी रोड, दरियागंज |
| City | नई दिल्ली |
| Postal code | 110002 |
| 300 ## - PHYSICAL DESCRIPTION | |
| Extent | 139 पृ |
| Dimensions | 21 से.मी (सजिल्द) |
| 520 ## - SUMMARY, ETC. | |
| Summary, etc | HN2013-14 |
| 600 ## - SUBJECT ADDED ENTRY--PERSONAL NAME | |
| Personal name | अमृता प्रीतम, 1919-2005. |
| 600 ## - SUBJECT ADDED ENTRY--PERSONAL NAME | |
| Personal name | Amrita Pritam, 1919-2005. |
| 650 ## - SUBJECT ADDED ENTRY--TOPICAL TERM | |
| Topical term or geographic name as entry element | लेखक, पंजाबी |
| General subdivision | जीवनी |
| Chronological subdivision | 20वीं शताब्दी |
| 650 ## - SUBJECT ADDED ENTRY--TOPICAL TERM | |
| Topical term or geographic name as entry element | Authors, Punjabi. |
| General subdivision | Biography |
| Chronological subdivision | 20th century |
| 650 ## - SUBJECT ADDED ENTRY--TOPICAL TERM | |
| Topical term or geographic name as entry element | लेखक, हिन्दी |
| General subdivision | जीवनी |
| Chronological subdivision | 20वीं शताब्दी |
| 650 ## - SUBJECT ADDED ENTRY--TOPICAL TERM | |
| Topical term or geographic name as entry element | Authors, Hindi. |
| General subdivision | Biography. |
| Chronological subdivision | 20th century. |
| 942 ## - ADDED ENTRY ELEMENTS (KOHA) | |
| Institution code [OBSOLETE] | dpl |
| Item type | Hindi Books |
| Source of classification or shelving scheme | Dewey Decimal Classification |
| Classification part | 850.92 |
| Call number suffix | अमृता |
| Call number prefix | अमृता |
| Withdrawn status | Lost status | Not for loan | Collection code | Home library | Current library | Date acquired | Source of acquisition | Cost, normal purchase price | Full call number | Barcode | Copy number | Cost, replacement price | Koha item type | Materials specified (bound volume or other part) |
|---|---|---|---|---|---|---|---|---|---|---|---|---|---|---|
| Non-fiction | Bawana | Bawana | 31/03/2014 | स्टार पब्लिकेशन्स/SP/3119/22.12.13/15/17.12.13/30.7.13 | 180.00 | 850.92 अमृता | B-525442 | 1 | 180.00 | Hindi Books | ||||
| Non-fiction | Central Library | Central Library | 31/03/2014 | स्टार पब्लिकेशन्स/SP/3119/22.12.13/15/17.12.13/30.7.13 | 180.00 | 850.92 अमृता | B-525439 | 1 | 180.00 | Hindi Books | ||||
| Not For Loan | Non-fiction | D.B.Act.Division | D.B.Act.Division | 06/11/2008 | DBAD / PUB | 120.00 | 850.92 अमृता | HN-57046 | 1 | 120.00 | Hindi Books | |||
| Non-fiction | Janak Puri | Janak Puri | 31/03/2014 | स्टार पब्लिकेशन्स/SP/3119/22.12.13/15/17.12.13/30.7.13 | 180.00 | 850.92 अमृता | B-525441 | 1 | 180.00 | Hindi Books | ||||
| Non-fiction | Karol Bagh | Karol Bagh | 06/03/2009 | किताबघर प्रकाशन, /7555/22.9.08/246/4.9.08/1.10.08 | 120.00 | 850.92 अमृता | B-297935 | 1 | 120.00 | Hindi Books | ||||
| Non-fiction | Mobile Library | Mobile Library | 22/12/2017 | किताबघर/1956/20.12.2017/21.12.2017 | 180.00 | 850.92 अमृता | B-685220 | 1 | 180.00 | Hindi Books | राष्ट्रपति भवन | |||
| Non-fiction | Patel Nagar | Patel Nagar | 06/03/2009 | किताबघर प्रकाशन, /7555/22.9.08/246/4.9.08/1.10.08 | 120.00 | 850.92 अमृता | B-297933 | 1 | 120.00 | Hindi Books | ||||
| Non-fiction | Patel Nagar | Patel Nagar | 31/03/2014 | स्टार पब्लिकेशन्स/SP/3119/22.12.13/15/17.12.13/30.7.13 | 180.00 | 850.92 अमृता | B-525440 | 1 | 180.00 | Hindi Books | ||||
| Non-fiction | Sarojini Nagar | Sarojini Nagar | 06/03/2009 | किताबघर प्रकाशन, /7555/22.9.08/246/4.9.08/1.10.08 | 120.00 | 850.92 अमृता | B-297934 | 1 | 120.00 | Hindi Books | ||||
| Non-fiction | Shahdara Branch | Shahdara Branch | 06/03/2009 | किताबघर प्रकाशन, /7555/22.9.08/246/4.9.08/1.10.08 | 120.00 | 850.92 अमृता | B-297936 | 1 | 120.00 | Hindi Books |
